000 00524cam a2200157 4500500
005 20260405001945.0
041 _afre
042 _adc
100 1 0 _aUngerer, Tomi
_eauthor
245 0 0 _aFaut-il être grand pour être adulte ? Qu’est-ce qu’être grand ?
260 _c2015.
500 _a17
690 _aTomi Ungerer
786 0 _nPhilosophie magazine | 87 | 3 | 2015-03-01 | p. 8-8 | 1951-1787
856 4 1 _uhttps://shs.cairn.info/magazine-philosophie-magazine-2015-3-page-8?lang=fr&redirect-ssocas=7080
999 _c2052734
_d2052734